000 00442nam a2200121Ia 4500
008 220615s9999||||xx |||||||||||||| ||und||
100 _aSmits, Robert-Jan||Pells, Rachael
245 0 _aPlan S for Shock
_bScience. Shock. Solution. Speed.
546 _aEnglish[eng]
650 _aKnowledge||Publishing||Policy||Academia||Science||Open access
856 _uhttps://library.oapen.org/bitstream/20.500.12657/52946/1/9781914481178.pdf
942 _cEB
999 _c13886
_d13886